ბათუმის შოთა რუსთაველის სახელმწიფო უნივერსიტეტის ბიბლიოთეკა

გარგანტუა და პანტაგრუელი (ბიბ.ჩანაწერი № 56640)

000 -LEADER
fixed length control field 01009nam a2200241Ia 4500
001 - CONTROL NUMBER
control field 23762
003 - CONTROL NUMBER IDENTIFIER
control field GE_BSU
008 - FIXED-LENGTH DATA ELEMENTS--GENERAL INFORMATION
fixed length control field 181216s||||||||xx |||||||||||||| ||und||
040 ## - CATALOGING SOURCE
Transcribing agency GE_BSU
080 ## - UNIVERSAL DECIMAL CLASSIFICATION NUMBER
Universal Decimal Classification number 821.133.1-31
100 ## - MAIN ENTRY--PERSONAL NAME
Personal name რაბლე, ფრანსუა
245 ## - TITLE STATEMENT
Title გარგანტუა და პანტაგრუელი
245 ## - TITLE STATEMENT
Statement of responsibility, etc. თარგმნა გურამ გოგიაშვილმა. რედ. მ. ხიდაშელი. შემდგ. მ. ბაქრაძე., ვ. კოტეტიშვილი., ჯ. ქილარჯიანი. მხატვ. გ. კოტეტიშვილი.
260 ## - PUBLICATION, DISTRIBUTION, ETC.
Place of publication, distribution, etc. თბილისი
260 ## - PUBLICATION, DISTRIBUTION, ETC.
Name of publisher, distributor, etc. იანუსი
260 ## - PUBLICATION, DISTRIBUTION, ETC.
Date of publication, distribution, etc. 1991
300 ## - PHYSICAL DESCRIPTION
Extent 384გვ. ; 20სმ.
300 ## - PHYSICAL DESCRIPTION
Accompanying material შენიშვნები: გვ. 361-378
653 ## - INDEX TERM--UNCONTROLLED
Uncontrolled term გარგანტუა და პანტაგრუელი
653 ## - INDEX TERM--UNCONTROLLED
Uncontrolled term რომანი
942 ## - ADDED ENTRY ELEMENTS (KOHA)
Koha item type წიგნი
ეგზემპლარები
Withdrawn status Lost status Damaged status Not for loan Date acquired Barcode Date last seen Price effective from Koha item type
        2018-12-17 28549 2018-12-17 2018-12-17 წიგნი